| 000 | 01936cam a22005414i 4500 | ||
|---|---|---|---|
| 003 | PE-LiUPU | ||
| 005 | 20250731165606.0 | ||
| 008 | 150706s r 000 0 d | ||
| 035 | _a(Sirsi) a48353 | ||
| 040 |
_aPE-LiUPU _bspa _cPE-LiUPU _erda |
||
| 049 | _aPRUA | ||
| 082 | 0 | 4 |
_a001.42 _bI _221 |
| 245 | 0 | 1 |
_aIniciación en la investigación / _cLucas Lavado Mallqui. |
| 264 | 1 |
_aLima : _bUniversidad Inca Garcilaso de la Vega, Fondo Edit., _c2002. |
|
| 300 |
_a228 páginas : _bilustraciones ; _c21 cm. |
||
| 336 |
_atext _2rdacontent |
||
| 337 |
_aunmediated _2rdamedia |
||
| 338 |
_avolume _2rdacarrier |
||
| 490 | 0 | _aTextos | |
| 504 | _aIncluye referencias bibliográficas al final de cada capítulo. | ||
| 505 | 0 | _aCiencia, tecnología e historia -- Ciencia, universidad e investigación -- El trabajo intelectual -- El método de la investigación. | |
| 526 | _aSEG44 | ||
| 526 | _aSEG26 | ||
| 526 | _aP151 | ||
| 526 | _aP150 | ||
| 526 | _aP149 | ||
| 526 | _aP146 | ||
| 526 | _aP145 | ||
| 526 | _aP126 | ||
| 526 | _aP125 | ||
| 526 | _aP92 | ||
| 526 | _aP75 | ||
| 526 | _aP74 | ||
| 526 | _aP27 | ||
| 526 | _aP15 | ||
| 541 | _g001-0031424; | ||
| 650 | 0 | 4 |
_aInvestigación _xMetodología. |
| 650 | 0 | 4 |
_aCiencia _xMetodología. |
| 650 | 0 | 4 | _aCiencia y tecnología. |
| 700 | 1 |
_aLavado Mallqui, Lucas, _ecoord. _92711 |
|
| 710 | 2 | _aUniversidad Inca Garcilaso de la Vega (Lima) | |
| 910 |
_agl _bjv _cjvm _d20100414 |
||
| 942 |
_2ddc _cBOOK |
||
| 949 |
_a001.42 I _wDEWEY _c1 _i61339 _lCCODEBUL1 _mBUL _p05.00 _r0 _sY _tLIBRO _u2015-07-06 _xINGENIERIA _PP27 _o.STAFF. Colección General |
||
| 994 |
_aC0 _bPEPRU |
||
| 596 | _a1 | ||
| 999 |
_a001.42 I _wDEWEY _c50595 _i61339 _d50595 _e2016-3-27 _f2021-11-4 _g8 _lCCODEBUL1 _mBUL _n1 _p5.00 _q2 _r0 _sY _tBOOK _u2015-7-6 _xBIBLIOTECA _PP27 _0COMPRA _o.STAFF. Colección General |
||
| 980 |
_81 _gALBERTO SANCHEZ Responsable de Automatización |
||